Most-Searched Political Leaders on Wikipedia - Statistics

General Stats
  • This quiz has been taken 2,727 times
  • The average score is 20 of 30
Answer Stats
# Views Type Political Leader % Correct
1 125.4 m President Donald Trump
99%
16 39.0 m Queen Elizabeth I
98%
4 67.0 m Queen Elizabeth II
98%
3 83.7 m Führer Adolf Hitler
97%
2 114.6 m President Barack Obama
97%
13 40.0 m President George Washington
89%
9 44.0 m President George W. Bush
81%
5 63.3 m President Abraham Lincoln
80%
14 39.0 m Terrorist Osama bin Laden
76%
15 39.0 m President Franklin D. Roosevelt
74%
6 53.0 m President John F. Kennedy
74%
12 42.0 m President Bill Clinton
72%
21 36.0 m Dictator Joseph Stalin
72%
11 42.0 m Queen Victoria
71%
10 43.0 m President Ronald Reagan
68%
27 31.0 m President Theodore Roosevelt
68%
24 31.0 m Prince Prince Charles
67%
17 39.0 m Prime Minister Winston Churchill
66%
19 36.0 m Explorer Christopher Columbus
62%
28 31.0 m President Thomas Jefferson
62%
22 34.0 m President Richard Nixon
58%
20 36.0 m Revolutionary Che Guevara
54%
30 30.0 m Prime Minister Margaret Thatcher
54%
29 30.0 m Founding Father Benjamin Franklin
53%
7 46.0 m King Henry VIII
50%
23 32.0 m President Vladimir Putin
48%
18 37.0 m Revolutionary Mohandas Gandhi
27%
8 45.5 m Revolutionary Nelson Mandela
22%
25 31.0 m Prince Prince Philip
16%
26 31.0 m Governor Sarah Palin
3%
No matching quizzes found
Score Distribution
Percent of People with Each Score
Percentile by Number Answered
Your Score History
You have not taken this quiz